Circulares : 1980 año Champagnat: 25o aniversario de la beatificación /
Circular del Hermano Basilio Rueda, superior general, en la que invita a celebrar el vigésimo quinto aniversario de la beatificación del Padre Marcelino Champagnat. Esta efeméride ha de ser ocasión para la reflexión personal y acción-celebración comunitaria en honor del fundador de los Hermanos Mari...
Salvato in:
| Autore principale: | |
|---|---|
| Natura: | Libro |
| Lingua: | spagnolo |
| Soggetti: | |
| Tags: |
Nessun Tag, puoi essere il primo ad aggiungerne!!
|
MARC
| LEADER | 00000nam^a2200000^a^4500 | ||
|---|---|---|---|
| 001 | 000393958 | ||
| 005 | 20250623000000.0 | ||
| 009 | 20260310121323.512 | ||
| 037 | |a Acervo ITESO - Biblioteca | ||
| 041 | |a ESP | ||
| 082 | |a 255. 79204 |b CIR V. 27 T. 2 | ||
| 100 | |a Rueda, Basilio |e (autor) | ||
| 240 | 1 | 1 | |a [Circulares maristas] |
| 245 | 1 | 0 | |a Circulares : |b 1980 año Champagnat: 25o aniversario de la beatificación / |c B. Rueda. |
| 264 | |a Roma, Italia : |b Hermanos Maristas, |c 1980 | ||
| 300 | |a p. 7-17 | ||
| 336 | |a texto |b txt |2 rdacontenido | ||
| 337 | |a sin mediación |b n |2 rdamedio | ||
| 338 | |a volumen |b nc |2 rdasoporte | ||
| 520 | |a Circular del Hermano Basilio Rueda, superior general, en la que invita a celebrar el vigésimo quinto aniversario de la beatificación del Padre Marcelino Champagnat. Esta efeméride ha de ser ocasión para la reflexión personal y acción-celebración comunitaria en honor del fundador de los Hermanos Maristas. | ||
| 649 | |a XX | ||
| 650 | |a Beatos Franceses | ||
| 650 | |a Religiosos Franceses | ||
| 650 | |a Educadores Franceses | ||
| 650 | |a Maristas - |x Tema Principal | ||
| 650 | |a Monasticismo y Ordenes Religiosas | ||
| 650 | |a Catolicismo | ||
| 650 | |a Cristianismo | ||
| 650 | |a Religión | ||
| 650 | |a Champagnat, Marcelino - |x Tema Principal | ||
| 740 | 0 | |a Circulares maristas : |b No. 388, 25 de marzo de 1980 / |c B. Rueda. | |
| 910 | |a Fondo General | ||
| 920 | |a Impresos - Libros | ||
| 930 | |a Colección General | ||
| 905 | |a 101 | ||
| 901 | |a 0500289139 |b IT1 |c ACC |d DT |i D82964 |u 20250623 | ||
| 902 | |a https://opac.biblio.iteso.mx/vufind/Record/000393958 | ||